| 000 | 00466 a2200133 4500 | ||
|---|---|---|---|
| 005 | 20250605153623.0 | ||
| 020 | _a0-684-84148-7 | ||
| 082 | _aTEA LECT 658 POR | ||
| 100 | _aPORTER, M . E. | ||
| 245 | _aCompetitive Strategy: Techniques for Analyzing Industries and Competitors with a new Introduction | ||
| 260 |
_aNew York, _bThe Free Press, _c1980. |
||
| 300 |
_axxviii, 396p.: Ill.; figures. _bBibliographical references & Index _c24cm. |
||
| 942 |
_2ddc _cBKS |
||
| 999 |
_c3246 _d3246 |
||